MDQL
is popping MORE tags! Check the
thread
!
Quizzes
Events
Quiz Creation
Community
Videos
Private Events
Remove Ads
Sign In
Join for FREE
Feedback
Dark Mode
Quiz Categories
Sports
Geography
Music
Movies
Television
Just For Fun
Miscellaneous
History
Literature
Language
Science
Gaming
Entertainment
Religion
Holiday
For Kids
Quiz Lab
Recent
Popular Today
Quiz Kudos Today
Editor Picks
Curator Picks
Quizzes by...
Day
Popularity
Type
Ratings
Length
Year
Community
Subscriptions
Recent Discussions
Orange Saloon
Badges
Playlists
Quests
Create
Leaderboards
Showdown
Live 5
Trivia Bingo
Activity
Puzzle Library
Sporcle Events
Private Events
Virtual Trivia
Globe League
Become a Host
Pub Owners
SporcleCon
Opinionation
Our Games
Videos
Blog
Mobile Apps
Partnerships
Remove Ads and Go Orange
Feedback
Movies
Disney
Marvel Cinematic Universe
Movie Resume
Movie Titles
Oscar
Actor
Actress
Director
Pixar
Role
Movie Quotes
Movie Characters
Box Office
Nominee
Best Picture
Star Wars
James Bond
Horror Movies
Movies
Disney
Marvel Cinematic Universe
Movie Resume
Movie Titles
Oscar
Actor
Actress
Director
Pixar
Role
Movie Quotes
Movie Characters
Box Office
Nominee
Best Picture
Star Wars
James Bond
Horror Movies
Random Quiz
Search Sporcle
×
Quiz Lab
Quiz Lab
Movies
Box Office
Type in answers that appear in a list
Type in answers that appear in a list
Classic
Best Score? Go Orange.
50 Highest Grossing Films of 2012 (Domestic) Stats
Can you name the fifty highest domestically grossing movies of 2012 (According to Box Office Mojo)?
By
phillipjfry
15m
50 Questions
179 Plays
179 Plays
179 Plays
Comments
Comments
Give Quiz Kudos
Give Quiz Kudos
-
- Ratings
hide this ad
Replay
Link that replays current quiz
Next Quiz
Link to next quiz in quiz playlist
You Got
0%
They Got
Avg Score
41%
Avg Friend Score
Upgrade to see
Score Distribution
Jump to the score distribution portion of the page
Score
0/50
Timer
15:00
0
Plays Today
Gross
Film
% Correct
$448,139,099
The Dark Knight Rises
87.7%
$623,357,910
The Avengers
87.2%
$218,815,287
Ted
85.5%
$303,003,568
The Hobbit: An Unexpected Journey
80.4%
$162,805,434
Django Unchained
74.9%
$136,024,128
Argo
71.5%
$237,283,207
Brave
66.5%
$124,987,023
Life of Pi
65.4%
$182,207,973
Lincoln
64.2%
$304,360,277
Skyfall
63.7%
$262,030,663
The Amazing Spider-Man
63.7%
$408,010,692
The Hunger Games
60.9%
$95,720,716
Zero Dark Thirty
58.7%
$132,092,958
Silver Linings Playbook
58.1%
$79,727,149
Dark Shadows
57%
$148,809,770
Les Miserables
55.9%
$126,477,084
Prometheus
55.9%
$292,324,737
The Twilight Saga: Breaking Dawn Part 2
49.2%
$179,020,854
Men in Black 3
48.6%
$216,391,482
Madagascar 3: Europe's Most Wanted
47.5%
$161,321,843
Ice Age: Continental Drift
41.9%
$189,422,889
Wreck-It Ralph
41.3%
$73,078,100
John Carter
36.3%
$67,544,505
This Is 40
36.3%
$66,486,205
Looper
34.6%
Gross
Film
% Correct
$65,422,625
Battleship
34.6%
$155,332,381
Snow White and the Huntsman
33.5%
$148,313,048
Hotel Transylvania
33.5%
$113,721,571
Magic Mike
33%
$93,772,375
Flight
31.3%
$139,854,287
Taken 2
29.6%
$214,030,500
Dr. Seuss' The Lorax
28.5%
$138,447,667
21 Jump Street
27.9%
$113,203,870
The Bourne Legacy
27.9%
$80,070,736
Jack Reacher
27.9%
$64,575,175
Chronicle
27.9%
$103,412,758
Rise of the Guardians
27.4%
$85,028,192
The Expendables 2
24%
$65,653,242
Tyler Perry's Madea's Witness Protection
22.3%
$64,935,167
Mirror Mirror
21.2%
$126,373,434
Safe House
20.7%
$125,014,030
The Vow
20.1%
$65,001,093
Pitch Perfect
17.9%
$86,907,746
The Campaign
16.8%
$66,528,000
Contraband
15.6%
$83,670,083
Wrath of the Titans
14.5%
$91,547,205
Think Like a Man
13.4%
$77,267,296
Parental Guidance
13.4%
$103,860,290
Journey 2: The Mysterious Island
12.3%
$70,012,847
Act of Valor
11.2%
Quiz Playlist
Details
Report
Send in Message
Add To Playlist
Classic:
Type in answers that appear in a list
Quiz Source
Last Updated: Feb 16, 2017
Quiz Scoreboard
CHALLENGE
Sign Up to Join the Scoreboard
Show All
Scores
Hide
Comments
May contain spoilers
Recently Published
Holiday 10x10 Sorting Gallery
by lukepisani3
Holiday
15m
Two Season TV Shows II
by 123Four
Television
10m
Image Sorting: Flags VI
by Barbecue
Geography
2m
More to Explore
Quiz From the Vault
Featured Blog Post
14 Easter Pick-up Lines to Find Eggs With
hide this ad
You Might Also Like...
Tags
Box Office Quiz
2012
2012-2013
Film Adaptations
Movie Channel
Steven
Steven Soderbergh
Steven Spielberg
Today's Top Quizzes in Movies
Browse Movies
hide this ad
Today's Top Quizzes in Box Office
Browse Box Office
Top Contributed Quizzes in Movies
1
The ultimate James Bond movie quiz
2
Find The 'Big' Movie
3
Find The 'Wild' Movie
4
Find The 'Blue' Movie
5
Movies By Plot
6
Hidden Star Wars Character II
7
Hidden Star Wars Character III
8
25 Best Actor Nominees (1990s)
9
Hidden Star Wars Character IV
10
Pick 5 Posters: Directed by Spielberg
Explore More
Trending Topics
Crossword
Disney
Harry Potter
Anime
Marvel
NBA
Kpop
Pokémon
NFL
WWE
Song
Soccer
Puzzle
The Office
Country
hide this ad
More By:
phillipjfry
Quiz
Plays
Rating
Category
Featured
Created
Clickable Walt Disney World Hotels
46,736
4.18
Entertainment
Apr 3, 2012
Which South Park Kid Did This?
5,799
2.15
Television
Oct 6, 2012
Survivor: Top 10 Finishers From Every Season
4,661
4.79
Television
Apr 9, 2012
Total Drama: Top Ten Finishers by Season
3,549
5.00
Television
Jul 23, 2014
Walt Disney World Secrets 1
1,925
4.50
Entertainment
Mar 20, 2012
Go to Creator's Profile
Score Distribution
Quiz Creator Spotlight
phillipjfry
Follow
Send a Message
Quizzes Created
-
Created Quiz Play Count
-
More By This Creator
Popular Quizzes Today
1
Find the US States - No Outlines Minefield
2
Colored Red Africa Blitz
3
Find the 'City' Movie
4
The Countries of the World
5
5x2 Blitz: Bands
6
Find the Countries of Europe - No Outlines Minefield
7
Find the US States
8
US States
More Movies Quizzes
Disney Recycles
Published
Trending Quizzes
Colored Red Europe Blitz I
Colored Red Europe Blitz II
Colored Red Africa Blitz II
Even More Two Season TV Shows
Colored Red Africa Blitz III
Recently Updated
Odd Team Out - Big 4 Players
pecheneg
Quick Pick: 20 Twenties
pecheneg
March Madness Men's Triple Doubles
pecheneg
How Do You Spell That?
pecheneg
Godzilla Movies
pecheneg
Grab Bag: 4-10 Letters
pecheneg
2024 March Madness Bracket
pecheneg
Famous TV Couples
Peacemaker
Champions League XIs: Real Madrid
pecheneg
Largest US Cities 1790-2010
pecheneg
Trending Topics
NBA
Crossword
Disney
Marvel
Kpop
Anime
Harry Potter
Song
NFL
Country
Soccer
Pokémon
WWE
The Office
Puzzle
Your Account Isn't Verified!
In order to create a playlist on Sporcle, you need to verify the email address you used during registration. Go to your
Sporcle Settings
to finish the process.
Report this User
Report this user for behavior that violates our
Community Guidelines
.
Details:
Send Report
Go to the Sporcle.com Mobile Site →
Comments